00411nam a2200169Ia 4500003000400000005001700004008004000021020001800061040000700079041000800086082001500094100001900109245004900128250000700177260004400184300001300228OSt20260106103051.0210210b2009 xxu||||| |||| 00| 0 eng d a9788120331600 cAL aeng a620.8 CHAI a Chatterji A K aIntroduction to environmental biotechnology  a2. aNew DelhibPHI Learning Pvt. Ltd.c2009 axvii,197